|
|
|
|
| LEADER |
01177nta a2200241 i 4500 |
| 001 |
dipl86301 |
| 005 |
20230203165951.0 |
| 008 |
200915s2019 hu om 0|| hun d |
| 040 |
|
|
|a SZTE Diploma Repozitórium
|b hun
|
| 041 |
|
|
|a hun
|
| 100 |
1 |
|
|a Andróczki László György
|
| 245 |
1 |
3 |
|a Az agyi daganatos áttétek mikrokörnyezete
|h [elektronikus dokumentum] :
|b a vér-agy gátat alkotó sejtek morfológiai változásai emlőkarcinóma sejtek hatására /
|c László György Andróczki
|
| 246 |
1 |
0 |
|a The Brain Metastatic Microenvironment: Morphological Changes in Cells of the Blood-Brain Barrier in Response to Breast Cancer Cells
|h [elektronikus dokumentum]
|
| 260 |
|
|
|c 2019
|
| 650 |
|
4 |
|a Természettudományok
|
| 650 |
|
4 |
|a Medical and health sciences
|
| 650 |
|
4 |
|a Clinical medicine
|
| 650 |
|
4 |
|a Oncology
|
| 700 |
0 |
1 |
|a Krizbai István
|e ths
|
| 700 |
0 |
1 |
|a Farkas Elek Attila
|e ths
|
| 700 |
0 |
2 |
|a Sótiné Bagyánszki Mária
|e ths
|
| 856 |
4 |
0 |
|u https://diploma.bibl.u-szeged.hu/id/eprint/86301/2/2019_androczki_laszlo_gyorgy.pdf
|z Dokumentum-elérés
|
| 856 |
4 |
0 |
|u https://diploma.bibl.u-szeged.hu/id/eprint/86301/8/2019_androczki_laszlo_gyorgy_biralati_lap.pdf
|z Dokumentum-elérés
|